[Event "grenke Chess Open 2025"]
[Site "Karlsruhe GER"]
[Date "2025.04.17"]
[Round "1.48"]
[White "Rubes, Jan"]
[Black "Nies, Peter"]
[Result "1-0"]
[WhiteTitle "IM"]
[WhiteElo "2433"]
[BlackElo "2094"]
[WhiteFideId "338176"]
[BlackFideId "24628662"]
[EventDate "2025.04.17"]

1. Nf3 Nf6 2. g3 b6 3. Bg2 Bb7 4. c4 c5 5. O-O e6 6. Nc3 Be7 7. Re1 O-O 8. e4 d6
9. d4 cxd4 10. Nxd4 Qc8 11. b3 a6 12. Bb2 Nbd7 13. Qe2 Re8 14. Rad1 h5 15. f4
Bf8 16. Kh1 h4 17. gxh4 e5 18. fxe5 Rxe5 19. Nf5 Nc5 20. Nd5 Rxe4 21. Bxe4 Nfxe4
22. Qf3 Qe6 23. b4 Nd2 24. Rxe6 Nxf3 25. Re3 Na4 26. Bxg7 Bxg7 27. Rxf3 Be5 28.
Rg1+ Kh7 29. Nxd6 Bxd5 30. cxd5 Bxd6 31. Rxf7+ Kh8 32. Rf5 Ra7 33. Rg6 Bxb4 34.
Rg4 a5 35. a3 Bxa3 36. Rh5+ Rh7 37. Rxh7+ Kxh7 38. Rxa4 Bd6 39. Kg2 Kg6 40. Kf3
Bxh2 41. Rc4 Kf5 42. h5 Be5 43. h6 Bb2 44. h7 Kg6 45. d6 Kxh7 46. d7 Bf6 47. Rc6
Be7 48. Rxb6 Kg7 49. Rb8 1-0

[Event "grenke Chess Open 2025"]
[Site "Karlsruhe GER"]
[Date "2025.04.17"]
[Round "1.49"]
[White "Retti, Ivan"]
[Black "Harshavardhan, G B"]
[Result "0-1"]
[BlackTitle "IM"]
[WhiteElo "2094"]
[BlackElo "2431"]
[WhiteFideId "1315617"]
[BlackFideId "25059009"]
[EventDate "2025.04.17"]

1. e4 e5 2. Nf3 Nc6 3. Bc4 d6 4. O-O Be7 5. d4 Bg4 6. h3 Bh5 7. c3 Nf6 8. d5 Nb8
9. Re1 O-O 10. Nbd2 c6 11. Nf1 cxd5 12. Bxd5 Bxf3 13. Qxf3 Nxd5 14. exd5 f5 15.
Ng3 g6 16. c4 Nd7 17. b3 a5 18. Bb2 Nc5 19. Rad1 Bf6 20. Qe2 Bg7 21. Ba3 b6 22.
Qc2 e4 23. Bxc5 bxc5 24. Ne2 Qh4 25. Nc3 Be5 26. Nb5 Rf7 27. Qe2 g5 28. Qf1 g4
29. g3 Qh5 30. hxg4 Qxg4 31. Qe2 Qh3 32. Qf1 Qg4 33. Qe2 Qg5 34. Kg2 f4 35. Qxe4
f3+ 36. Kf1 Rf4 0-1

[Event "grenke Chess Open 2025"]
[Site "Karlsruhe GER"]
[Date "2025.04.17"]
[Round "1.50"]
[White "Kopylov, Daniel"]
[Black "Novotny, Dominik"]
[Result "1-0"]
[WhiteTitle "FM"]
[WhiteElo "2431"]
[BlackElo "2093"]
[WhiteFideId "12921971"]
[BlackFideId "23755601"]
[EventDate "2025.04.17"]

1. e4 c5 2. Nf3 d6 3. d4 cxd4 4. Nxd4 Nf6 5. Nc3 Nc6 6. Bg5 e6 7. Qd2 a6 8.
O-O-O Bd7 9. f4 Be7 10. Nf3 b5 11. Bxf6 gxf6 12. Kb1 Qb6 13. f5 O-O-O 14. g3 Kb8
15. fxe6 fxe6 16. Bh3 Qb7 17. Ne2 Ne5 18. Nfd4 Nc4 19. Qd3 e5 20. Bxd7 Rxd7 21.
Nf5 Rhd8 22. Nc3 d5 23. Nxd5 Nb6 24. Qf3 Nxd5 25. Rxd5 Rxd5 26. exd5 Bc5 27. Rd1
Ka8 28. g4 b4 29. Ng3 Ka7 30. Ne4 Rxd5 31. Nxc5 Rxc5 32. Qxf6 Qc7 33. Qf5 Kb6
34. b3 a5 35. Qe4 Qc6 36. Qxh7 e4 37. Rc1 e3 38. Qd3 Qf3 39. Rf1 1-0

[Event "grenke Chess Open 2025"]
[Site "Karlsruhe GER"]
[Date "2025.04.17"]
[Round "1.51"]
[White "Zhuikov, Edgard"]
[Black "Hagner, Bennet"]
[Result "0-1"]
[BlackTitle "FM"]
[WhiteElo "2093"]
[BlackElo "2430"]
[WhiteFideId "34162941"]
[BlackFideId "16224477"]
[EventDate "2025.04.17"]

1. e4 c5 2. d4 cxd4 3. c3 Nf6 4. e5 Nd5 5. Nf3 e6 6. cxd4 d6 7. Bc4 Be7 8. a3
O-O 9. O-O Nd7 10. Bd3 b6 11. Qc2 dxe5 12. Bxh7+ Kh8 13. dxe5 Bb7 14. Bd3 Rc8
15. Qe2 Rxc1 16. Rxc1 Nf4 17. Qe3 Nxg2 18. Kxg2 Bg5 19. Qe2 Bxf3+ 20. Qxf3 Bxc1
21. Qh5+ Bh6 22. Bb5 Nc5 23. Nc3 Qd2 24. Qe2 Qg5+ 25. Kh1 Qh4 26. Rg1 Bf4 27.
Rg2 Rd8 28. b4 Nb3 29. Ne4 Nd4 30. Qg4 Qxg4 31. Rxg4 Bxe5 32. Ng5 Kg8 33. Ba4 f6
34. f4 f5 35. Rh4 Bf6 36. Kg2 e5 37. Kg3 exf4+ 38. Kxf4 Bxg5+ 0-1

[Event "grenke Chess Open 2025"]
[Site "Karlsruhe GER"]
[Date "2025.04.17"]
[Round "1.52"]
[White "Ginsburg, Gennadi"]
[Black "Kucharski, Bartlomiej"]
[Result "1-0"]
[WhiteTitle "GM"]
[WhiteElo "2429"]
[BlackElo "2092"]
[WhiteFideId "4630629"]
[BlackFideId "21812888"]
[EventDate "2025.04.17"]

1. e4 c5 2. Nf3 d6 3. d4 cxd4 4. Nxd4 Nf6 5. Nc3 a6 6. Bg5 e6 7. f4 Be7 8. Qf3
Qc7 9. O-O-O Nbd7 10. g4 h6 11. Bxf6 Bxf6 12. h4 Nb6 13. g5 Bxd4 14. Rxd4 Qc5
15. Rd2 Bd7 16. Be2 Na4 17. Nxa4 Bxa4 18. Rhd1 O-O-O 19. g6 Rhf8 20. gxf7 Rxf7
21. Qg4 Kb8 22. e5 Qe3 23. f5 Bc6 24. fxe6 Re7 25. exd6 Rxe6 26. Kb1 g5 27. hxg5
hxg5 28. Qb4 Re4 29. Qa5 Rd7 30. Bf1 g4 31. Bg2 g3 32. Bxe4 Bxe4 33. Qh5 g2 34.
Qh2 Bf3 35. Rd3 Qe4 36. Rg1 Ka7 37. Qg3 Be2 38. Qf2+ Kb8 39. Re3 Rf7 40. Qxf7
Qxe3 41. Rxg2 Bf3 42. Rg8+ Ka7 43. a3 Qe1+ 44. Ka2 Qd1 45. Rg5 Bc6 46. Qf2+ 1-0

[Event "grenke Chess Open 2025"]
[Site "Karlsruhe GER"]
[Date "2025.04.17"]
[Round "1.53"]
[White "Berkes, Alexander"]
[Black "Kavutskiy, Kostya"]
[Result "0-1"]
[BlackTitle "IM"]
[WhiteElo "2062"]
[BlackElo "2351"]
[WhiteFideId "12901636"]
[BlackFideId "2026384"]
[EventDate "2025.04.17"]

1. e4 c5 2. Nf3 Nc6 3. Bb5 Nf6 4. e5 Nd5 5. Nc3 Nc7 6. Bxc6 dxc6 7. Ne4 b6 8. h3
h6 9. d3 Bf5 10. Ng3 Bh7 11. O-O Qd7 12. Re1 g5 13. e6 Nxe6 14. Ne5 Qc7 15. Qf3
Bg8 16. Nxc6 Rc8 17. Ne5 Nd4 18. Qd1 Bg7 19. Nf3 Bh7 20. Nh5 O-O 21. Nxg7 Kxg7
22. b3 Rfe8 23. Bb2 e5 24. c3 Nc6 25. d4 Rcd8 26. d5 c4 27. Ba3 f6 28. d6 Qf7
29. Nd2 Bd3 30. bxc4 Bxc4 31. Nxc4 Qxc4 32. Qc2 Rd7 33. Rad1 Rc8 34. Re3 Qe6 35.
Qd2 Na5 36. Rd3 Nc4 37. Qc1 Rc6 38. h4 g4 39. Kf1 Qf5 40. Kg1 Qh5 41. g3 Qe8 42.
Rd5 Qc8 43. R5d3 Qa6 44. Bb2 Qxa2 45. Ba1 Rcxd6 46. Rxd6 Rxd6 47. Rxd6 Nxd6 48.
Qd1 Qe6 49. Bb2 a5 50. Qa4 Nc4 51. Bc1 Kg6 52. Qc2+ f5 53. Qa4 h5 54. Qb5 Kf7
55. Qa6 Kg6 56. Qa8 Kg7 57. Qb7+ Qf7 58. Qc6 f4 59. gxf4 exf4 60. Qe4 g3 61. f3
Nd6 62. Qe5+ Qf6 63. Bxf4 Nf5 64. Qc7+ Kg6 65. Bxg3 Qe6 66. Qf4 Qe3+ 67. Qxe3
Nxe3 68. Bf4 Nc4 69. Kf2 a4 70. Bc1 a3 71. Bxa3 Nxa3 72. Ke3 Kf5 73. f4 b5 0-1

[Event "grenke Chess Open 2025"]
[Site "Karlsruhe GER"]
[Date "2025.04.17"]
[Round "1.54"]
[White "Zoldan, Matteo"]
[Black "Domingo Nunez, Ruben"]
[Result "0-1"]
[WhiteTitle "CM"]
[BlackTitle "IM"]
[WhiteElo "2091"]
[BlackElo "2429"]
[WhiteFideId "805319"]
[BlackFideId "22245570"]
[EventDate "2025.04.17"]

1. e4 c5 2. Nf3 e6 3. g3 Nc6 4. Bg2 Nf6 5. Qe2 e5 6. O-O Be7 7. c3 O-O 8. Rd1
Qb6 9. Na3 d6 10. d3 Re8 11. Bg5 h6 12. Bxf6 Bxf6 13. Nc4 Qd8 14. Nfd2 g6 15. h4
h5 16. Ne3 Be6 17. a4 Qd7 18. Ndc4 Rad8 19. Kh2 Bg7 20. a5 f5 21. exf5 gxf5 22.
Qxh5 d5 23. Nxd5 Bxd5 24. Bxd5+ Qxd5 25. Ne3 Qe6 26. Nxf5 Rf8 27. Nxg7 Kxg7 28.
Qg5+ Kh7 29. Qh5+ Kg7 30. Qg5+ Qg6 31. Qe3 Qg4 32. Kg2 Rf6 33. f3 Qf5 34. Ra4
Rdf8 35. Rf1 Kh7 36. Re4 Qd7 37. Rf2 Qd6 38. Rc4 Nxa5 39. Rxc5 Nc6 40. b4 b6 41.
Qe4+ Kh8 42. Rd5 Qc7 43. b5 Ne7 44. Rxe5 Nf5 45. c4 Qg7 46. Qf4 Nh6 47. Qg5 Rg6
48. Qh5 Rxg3+ 49. Kh2 0-1

[Event "grenke Chess Open 2025"]
[Site "Karlsruhe GER"]
[Date "2025.04.17"]
[Round "1.55"]
[White "Lu, Miaoyi"]
[Black "Beretta, Giulio"]
[Result "0-1"]
[WhiteTitle "IM"]
[WhiteElo "2429"]
[BlackElo "2091"]
[WhiteFideId "8618020"]
[BlackFideId "2813578"]
[EventDate "2025.04.17"]

1. Nf3 d5 2. e3 Nf6 3. c4 c6 4. Nc3 a6 5. b4 Bg4 6. d4 e5 7. dxe5 Bxb4 8. Qb3
Bxc3+ 9. Qxc3 Ne4 10. Qa3 Nd7 11. cxd5 cxd5 12. Bb2 Rc8 13. Be2 Nb6 14. h3 Bxf3
15. gxf3 Nc5 16. Rd1 Qe7 17. Rc1 O-O 18. O-O Rc6 19. f4 Rfc8 20. Bd4 Nc4 21.
Bxc4 dxc4 22. e4 b5 23. Rfd1 Qh4 24. Bxc5 Rxc5 25. Qe3 b4 26. Rd5 R5c6 27. f5 c3
28. Rc2 Rc4 29. f4 Rd8 30. e6 fxe6 31. fxe6 Rxd5 32. exd5 Qxf4 33. Qxf4 Rxf4 34.
d6 Kf8 35. a3 Rd4 36. axb4 Rxd6 37. Rxc3 Rxe6 38. Rc7 Rb6 39. Ra7 h5 40. Kg2 Kg8
41. Kg3 Kh7 42. h4 Kg6 43. Ra8 Kf5 44. Rf8+ Ke4 45. Rf4+ Ke3 46. Rf5 g6 47. Ra5
Ke4 48. Ra3 Kd4 49. Kf4 Kc4 50. Kg5 Kxb4 51. Ra1 a5 52. Rb1+ Kc5 53. Rc1+ Kb5
54. Rb1+ Ka6 55. Ra1 Rc6 56. Kh6 Kb5 57. Rb1+ Kc5 58. Rc1+ Kd5 59. Rd1+ Ke4 60.
Re1+ Kd3 61. Kg5 a4 62. Kf4 Ra6 63. Rd1+ Kc2 64. Rd8 a3 65. Rc8+ Kb3 66. Rb8+
Ka4 67. Re8 a2 68. Re1 Kb3 69. Re3+ Kc2 0-1

[Event "grenke Chess Open 2025"]
[Site "Karlsruhe GER"]
[Date "2025.04.17"]
[Round "1.56"]
[White "Steinhauer, Artur"]
[Black "Pancevski, Filip"]
[Result "0-1"]
[BlackTitle "IM"]
[WhiteElo "2090"]
[BlackElo "2428"]
[WhiteFideId "16263596"]
[BlackFideId "15002187"]
[EventDate "2025.04.17"]

1. e4 d6 2. d4 Nf6 3. Nc3 e5 4. Nf3 Nbd7 5. Bc4 Be7 6. O-O O-O 7. a4 c6 8. Re1
h6 9. h3 Re8 10. a5 Bf8 11. Ba2 exd4 12. Nxd4 Ne5 13. Bf4 Bd7 14. Bg3 Qc7 15. f4
Ng6 16. Qf3 Rad8 17. Kh1 b5 18. axb6 axb6 19. Rad1 b5 20. b4 Qb8 21. Rb1 Qc7 22.
Bh2 Ra8 23. g4 Rxa2 24. Nxa2 Qa7 25. Nxb5 cxb5 26. Nc3 Bc6 27. Re2 Qb7 28. Rbe1
d5 29. exd5 Nxd5 30. Kg1 Ndxf4 0-1

[Event "grenke Chess Open 2025"]
[Site "Karlsruhe GER"]
[Date "2025.04.17"]
[Round "1.57"]
[White "Nemec, Jachym"]
[Black "Kostak, Tetyana"]
[Result "1-0"]
[WhiteTitle "FM"]
[BlackTitle "WFM"]
[WhiteElo "2428"]
[BlackElo "2089"]
[WhiteFideId "23716525"]
[BlackFideId "14101041"]
[EventDate "2025.04.17"]

1. Nf3 Nf6 2. g3 d6 3. d4 Nbd7 4. Bg2 e5 5. c4 c6 6. Nc3 Be7 7. e4 O-O 8. O-O
Re8 9. Qc2 Bf8 10. d5 cxd5 11. cxd5 Nc5 12. b4 Na6 13. a3 Bd7 14. Bd2 Be7 15.
Ne1 Rf8 16. Nd3 Rc8 17. Qb3 h6 18. Kh1 Qc7 19. Rfc1 Qc4 20. Qxc4 Rxc4 21. Nb2
Rcc8 22. f3 Ne8 23. Be3 Bg5 24. Ncd1 Nec7 25. Bxg5 hxg5 26. Nc4 Nb5 27. Nde3
Rfd8 28. Rab1 Be8 29. Bh3 Rc7 30. Kg2 g6 31. Kf2 Kf8 32. Ra1 Ke7 33. a4 Nd4 34.
Na5 Rxc1 35. Rxc1 Bxa4 36. Bf1 Rd7 37. Bxa6 bxa6 38. h4 gxh4 39. gxh4 Kd8 40. h5
gxh5 41. Rh1 Bb5 42. Rxh5 Kc7 43. Ng4 Nc2 44. Nf6 Rd8 45. Rh7 Rf8 46. Rh1 Nxb4
47. Rb1 Nd3+ 48. Ke3 Nc5 49. f4 exf4+ 50. Kxf4 Rh8 51. Nb3 Nd3+ 52. Kg5 Rh2 53.
Nd4 Rg2+ 54. Kf5 Rf2+ 55. Kg5 Rb2 56. Ra1 Kb6 57. Nf5 Rg2+ 58. Kh4 Kc7 59. Ra3
Ne5 60. Rc3+ Nc4 61. Ne3 Rg6 62. Nfg4 Kb6 63. Nxc4+ Kc5 64. Nd2+ Kd4 65. Ra3 Be2
66. Ne3 Ke5 67. Kh3 Kf4 68. Ng2+ Ke5 69. Nh4 Rg8 70. Re3 Bb5 71. Ra3 Bd7+ 72.
Kh2 Rg4 73. Nhf3+ Kf4 74. Rxa6 Ke3 75. Rxa7 Bb5 76. Rxf7 Be2 77. e5 dxe5 78. d6
e4 79. d7 Rg8 80. Re7 Bxf3 81. Nxf3 Kf2 82. Nh4 Rd8 83. Rf7+ Ke2 84. Kg3 e3 85.
Kf4 Kd3 86. Nf3 e2 87. Ke5 Kc4 88. Kd6 1-0

[Event "grenke Chess Open 2025"]
[Site "Karlsruhe GER"]
[Date "2025.04.17"]
[Round "1.58"]
[White "Ciornei, Dragos"]
[Black "Nothnagel, Marian Can"]
[Result "0-1"]
[BlackTitle "FM"]
[WhiteElo "2089"]
[BlackElo "2424"]
[WhiteFideId "4619200"]
[BlackFideId "12921530"]
[EventDate "2025.04.17"]

1. e4 e5 2. Nf3 Nc6 3. d4 exd4 4. Nxd4 Nf6 5. Nxc6 bxc6 6. e5 Qe7 7. Qe2 Nd5 8.
c4 Ba6 9. Nd2 g6 10. b3 Bg7 11. Bb2 O-O 12. O-O-O Rfe8 13. Qf3 Nb6 14. Ne4 Bxe5
15. Bxe5 Qxe5 16. Nf6+ Kf8 17. Nxe8 Qa1+ 18. Kc2 Qxa2+ 19. Kc1 Qa3+ 20. Kc2 Qa2+
21. Kc1 Rxe8 22. Qc3 Re6 23. Qh8+ Ke7 24. Qb2 Qa5 25. Bd3 d6 26. f4 Bc8 27. Kb1
Nd7 28. b4 Qh5 29. Rde1 Nb6 30. h3 Qh4 31. Rxe6+ Bxe6 32. c5 Nd5 33. cxd6+ cxd6
34. Qd4 Qxf4 35. Qxf4 Nxf4 36. Kc2 Nxg2 37. Be4 Ne3+ 38. Kd3 Nc4 39. Ra1 d5 40.
Rxa7+ Kd6 41. Bg2 g5 42. Kd4 Nb6 43. Bf1 Bd7 44. Bd3 h5 45. Be2 g4 46. hxg4 hxg4
47. Ra1 f5 48. Ra6 Nc8 49. b5 Ne7 50. bxc6 Nxc6+ 51. Ke3 Ke5 52. Ra8 f4+ 53. Kf2
Nd4 54. Bd3 Ne6 55. Rg8 Nc5 56. Be2 Ne4+ 57. Kg2 Nf6 58. Rg5+ Ke4 59. Kf2 Kd4
60. Rg6 Ne4+ 61. Kg2 Ke3 62. Rxg4 Bxg4 63. Bxg4 Nd2 0-1

[Event "grenke Chess Open 2025"]
[Site "Karlsruhe GER"]
[Date "2025.04.17"]
[Round "1.59"]
[White "Grutter, Tim"]
[Black "Feil, Stephan"]
[Result "1-0"]
[WhiteTitle "FM"]
[WhiteElo "2423"]
[BlackElo "2088"]
[WhiteFideId "1057472"]
[BlackFideId "4692250"]
[EventDate "2025.04.17"]

1. e4 c5 2. Nf3 Nc6 3. Bb5 e5 4. O-O Bd6 5. d3 Nge7 6. Bc4 Na5 7. Bd5 Nac6 8.
Re1 Nd4 9. Nxd4 cxd4 10. Bb3 Ng6 11. Qh5 O-O 12. g3 Bb4 13. c3 Bc5 14. Nd2 dxc3
15. bxc3 Qb6 16. Rf1 Kh8 17. Nc4 Qc7 18. Ne3 Bxe3 19. Bxe3 d6 20. f4 exf4 21.
gxf4 Qxc3 22. f5 Ne5 23. Rad1 Nd7 24. Rf3 Nf6 25. Qh4 Bd7 26. Rh3 Be8 27. Bg5
Rg8 28. Kh1 1-0

[Event "grenke Chess Open 2025"]
[Site "Karlsruhe GER"]
[Date "2025.04.17"]
[Round "1.60"]
[White "Haugner, Jan"]
[Black "Colbow, Collin"]
[Result "0-1"]
[BlackTitle "IM"]
[WhiteElo "2088"]
[BlackElo "2422"]
[WhiteFideId "24655244"]
[BlackFideId "16201132"]
[EventDate "2025.04.17"]

1. e4 c5 2. Nf3 d6 3. Bb5+ Bd7 4. Bxd7+ Qxd7 5. O-O Nf6 6. Re1 Nc6 7. c3 e6 8.
d4 cxd4 9. cxd4 d5 10. e5 Ne4 11. Nbd2 Nxd2 12. Bxd2 h6 13. Rc1 Be7 14. a3 O-O
15. Rc3 f5 16. exf6 Rxf6 17. Ne5 Nxe5 18. dxe5 Rf5 19. Qc2 Bd8 20. g4 Rf7 21.
Kg2 Ba5 22. b4 d4 23. Rf3 Rxf3 24. Kxf3 d3 25. Qc4 Bb6 26. Be3 Rf8+ 27. Kg3 Bxe3
28. fxe3 Qf7 29. Qf4 Qc7 30. Qe4 Qc2 31. Qg2 d2 32. Re2 Rd8 0-1

[Event "grenke Chess Open 2025"]
[Site "Karlsruhe GER"]
[Date "2025.04.17"]
[Round "1.61"]
[White "Tadic, Stefan"]
[Black "Turgut, Hakan"]
[Result "1-0"]
[WhiteTitle "IM"]
[WhiteElo "2419"]
[BlackElo "2088"]
[WhiteFideId "958980"]
[BlackFideId "26304740"]
[EventDate "2025.04.17"]

1. e4 c5 2. Nc3 a6 3. Nge2 b5 4. d4 cxd4 5. Nxd4 Bb7 6. Bd3 g6 7. O-O Bg7 8. Be3
Nc6 9. Nxc6 Bxc6 10. Qe2 Nf6 11. e5 Nd5 12. Nxd5 Bxd5 13. f4 O-O 14. a4 bxa4 15.
Rxa4 a5 16. Bb5 Qc7 17. Rd1 Be6 18. Rda1 d6 19. Bd4 dxe5 20. fxe5 Rfd8 21. c3
Bb3 22. R4a3 Bd5 23. Ba6 Bxg2 24. Kxg2 Qc6+ 25. Kg1 Rxa6 26. b4 Qb7 27. Rxa5 Re6
28. Qg2 Qxg2+ 29. Kxg2 Kf8 30. Ra6 Rxa6 31. Rxa6 Ke8 32. b5 Bf8 33. e6 fxe6 34.
b6 Rb8 35. Be5 Rb7 36. Ra8+ Kf7 37. Rb8 1-0

[Event "grenke Chess Open 2025"]
[Site "Karlsruhe GER"]
[Date "2025.04.17"]
[Round "1.62"]
[White "Kochiev, Ivan"]
[Black "Toktomushev, Teimur"]
[Result "1-0"]
[WhiteTitle "CM"]
[BlackTitle "FM"]
[WhiteElo "2087"]
[BlackElo "2418"]
[WhiteFideId "2917890"]
[BlackFideId "14176726"]
[EventDate "2025.04.17"]

1. e4 c5 2. Nf3 e6 3. d4 cxd4 4. Nxd4 a6 5. c4 Nf6 6. Nc3 Qc7 7. Be2 b6 8. Be3
Bb7 9. f3 Bd6 10. Qd2 Be7 11. Rc1 d6 12. O-O O-O 13. b4 Nbd7 14. Nb3 Rac8 15.
Na4 Bc6 16. b5 Ba8 17. bxa6 Qa7 18. Nc3 Nc5 19. Nb5 Qxa6 20. Nxd6 Bxd6 21. Qxd6
Rfd8 22. Nxc5 Qa3 23. Qd3 Rxd3 24. Nxd3 Qxa2 25. Rf2 Nd7 26. Bf1 Qa3 27. Bd4 Bb7
28. Rb1 h6 29. c5 Qa4 30. Rb4 Qd1 31. cxb6 Ba6 32. Rbb2 Bxd3 33. Rbd2 Qb1 34.
Rxd3 Rc1 35. Rdd2 Nxb6 36. Rb2 Qa1 37. Rb4 Qa5 38. Rxb6 e5 39. Be3 Rd1 40. Rbb2
Qc3 41. Rbe2 Kh7 42. g3 Qa1 43. Kg2 Qa3 44. Bd2 Qa1 45. Bb4 Rb1 46. Bc5 Rc1 47.
Rc2 Rd1 48. Bc4 Rg1+ 49. Kh3 Qa8 50. Bxf7 Qc8+ 51. g4 Qd7 52. Bd5 h5 53. Rg2 Rf1
54. Rcf2 Rc1 55. Be3 Rc3 56. Bg5 Rd3 57. Kh4 hxg4 58. fxg4 Rxd5 59. exd5 Qxd5
60. Rg3 Kg6 61. Re3 Qa5 62. Rfe2 e4 63. Bf4 Kf6 64. Kg3 g5 65. Bd6 1-0

[Event "grenke Chess Open 2025"]
[Site "Karlsruhe GER"]
[Date "2025.04.17"]
[Round "1.63"]
[White "Milov, Leonid"]
[Black "Eberhart, Erik"]
[Result "1-0"]
[WhiteTitle "GM"]
[WhiteElo "2416"]
[BlackElo "2086"]
[WhiteFideId "14101068"]
[BlackFideId "16239970"]
[EventDate "2025.04.17"]

1. e4 e5 2. Nf3 Nc6 3. Bb5 a6 4. Ba4 Nf6 5. O-O Be7 6. Re1 b5 7. Bb3 O-O 8. a4
Rb8 9. axb5 axb5 10. d3 d6 11. Nc3 Bg4 12. Be3 h6 13. h3 Be6 14. Nd5 Re8 15. c3
Bf8 16. Nd2 Bd7 17. Qf3 Nxd5 18. Bxd5 Qe7 19. Ra6 Nd8 20. Ra7 Ne6 21. b4 Rec8
22. Bb7 Rd8 23. Rea1 Qe8 24. Bd5 c6 25. Bb3 Ra8 26. R7a5 Be7 27. Nf1 Rxa5 28.
bxa5 Nc5 29. Bxc5 dxc5 30. Ne3 Ra8 31. Nf5 Bf8 32. h4 Ra6 33. Qg3 Kh7 34. h5 f6
35. Qg4 g5 36. hxg6+ Qxg6 37. Qf3 Bxf5 38. exf5 Qg5 39. Be6 Bd6 40. g3 Bc7 41.
Kg2 Rxa5 42. Bf7 Qg7 43. Bg6+ Kg8 44. Rxa5 Bxa5 45. Qxc6 Bxc3 46. Qd5+ Kh8 47.
Qd8+ Qg8 48. Qxf6+ Qg7 49. Qd8+ Qg8 50. Qe7 e4 51. f6 Qxg6 52. f7 1-0

[Event "grenke Chess Open 2025"]
[Site "Karlsruhe GER"]
[Date "2025.04.17"]
[Round "1.64"]
[White "Melestean, Maxim"]
[Black "Di Nicolantonio, Lucas"]
[Result "0-1"]
[BlackTitle "IM"]
[WhiteElo "2086"]
[BlackElo "2414"]
[WhiteFideId "16280393"]
[BlackFideId "680460"]
[EventDate "2025.04.17"]

1. d4 d5 2. c4 e6 3. Nc3 c6 4. Nf3 Nf6 5. Bg5 h6 6. Bxf6 Qxf6 7. e3 g6 8. Qc2
Nd7 9. cxd5 exd5 10. Bd3 Bg7 11. b4 O-O 12. O-O Qd6 13. Qb3 Nb6 14. Rac1 Be6 15.
b5 Rfc8 16. bxc6 bxc6 17. Na4 Nxa4 18. Qxa4 c5 19. dxc5 Rxc5 20. Nd4 Bd7 21. Bb5
Rxb5 22. Nxb5 Qb8 23. Rb1 a6 24. Nc3 Bxa4 25. Rxb8+ Rxb8 26. Nxa4 a5 27. f3 d4
28. Nc5 0-1

[Event "grenke Chess Open 2025"]
[Site "Karlsruhe GER"]
[Date "2025.04.17"]
[Round "1.65"]
[White "Loiseau, Quentin"]
[Black "Schroer, Marcel"]
[Result "1-0"]
[WhiteTitle "IM"]
[WhiteElo "2414"]
[BlackElo "2086"]
[WhiteFideId "665274"]
[BlackFideId "1012908"]
[EventDate "2025.04.17"]

1. d4 d5 2. c4 c6 3. Nc3 Nf6 4. Nf3 dxc4 5. e4 b5 6. Be2 e6 7. O-O Bb7 8. Rb1
Be7 9. b3 cxb3 10. Qxb3 O-O 11. Bg5 a6 12. Rfd1 Nbd7 13. a4 Rb8 14. h4 h6 15.
Bf4 Nb6 16. e5 Nfd5 17. Nxd5 exd5 18. Bd3 c5 19. dxc5 Nxa4 20. h5 Rc8 21. Bf5
Nxc5 22. Qe3 Ne6 23. Bxh6 Rc4 24. Bxe6 fxe6 25. Nd4 Bc5 26. Qg3 Qe7 27. Be3 Bxd4
28. Rxd4 Rf5 29. Rxc4 dxc4 30. h6 Qf7 31. Rd1 Bd5 32. Rd4 g6 33. Rxd5 exd5 34.
e6 Qxe6 35. Qb8+ Rf8 36. h7+ Kxh7 37. Qxf8 Qf5 38. Qe7+ Kg8 39. Bd4 Qf8 40. Qe6+
Qf7 41. Qc8+ Qf8 42. Qxa6 1-0

[Event "grenke Chess Open 2025"]
[Site "Karlsruhe GER"]
[Date "2025.04.18"]
[Round "2.1"]
[White "Liang, Awonder"]
[Black "Wong, Gengchun"]
[Result "1-0"]
[WhiteTitle "GM"]
[BlackTitle "FM"]
[WhiteElo "2692"]
[BlackElo "2247"]
[WhiteFideId "2056437"]
[BlackFideId "12963283"]
[EventDate "2025.04.17"]

1. e4 c5 2. Nf3 d6 3. d4 cxd4 4. Nxd4 Nf6 5. Nc3 a6 6. Be3 e5 7. Nb3 Be6 8. h3
Nbd7 9. Qf3 Rc8 10. O-O-O Be7 11. g4 h6 12. Kb1 O-O 13. Nd5 Bxd5 14. exd5 Nb6
15. h4 e4 16. Qe2 Nfxd5 17. g5 Nxe3 18. Qxe3 hxg5 19. hxg5 Bxg5 20. Qxe4 g6 21.
Bd3 Qf6 22. Rdg1 Rfe8 23. Qg4 Re5 24. Nd4 Qf4 25. Qh3 Kf8 26. Nf3 Rec5 27. Nxg5 1-0

[Event "grenke Chess Open 2025"]
[Site "Karlsruhe GER"]
[Date "2025.04.18"]
[Round "2.2"]
[White "Hollan, Petr"]
[Black "Vitiugov, Nikita"]
[Result "0-1"]
[WhiteTitle "FM"]
[BlackTitle "GM"]
[WhiteElo "2248"]
[BlackElo "2670"]
[WhiteFideId "360945"]
[BlackFideId "4152956"]
[EventDate "2025.04.17"]

1. e4 e6 2. d4 d5 3. Nc3 Nf6 4. e5 Nfd7 5. f4 c5 6. Nf3 Nc6 7. Be3 a6 8. Qd2 b5
9. h4 Bb7 10. h5 b4 11. Nd1 h6 12. Be2 Qc7 13. O-O cxd4 14. Nxd4 Bc5 15. c3 bxc3
16. bxc3 Ne7 17. Nb2 Ba7 18. Rac1 Nc5 19. c4 O-O 20. cxd5 Nxd5 21. Bf2 Qd7 22.
Bf3 Ne7 23. Rfd1 Ne4 24. Bxe4 Bxe4 25. Nb3 Nd5 26. Nc4 Bf5 27. Nc5 Qe7 28. Nd6
Bg4 29. Re1 f6 30. Bh4 Rac8 31. Bf2 Rc6 32. Nce4 Rxc1 33. Rxc1 fxe5 34. fxe5
Bxf2+ 35. Nxf2 Bxh5 36. Rc8 Rxc8 37. Nxc8 Qc5 38. Nd6 Nc3 39. Kf1 Qxe5 40. g4
Bg6 41. Nc4 Qf6 42. Kg2 Ne4 43. Nxe4 Bxe4+ 44. Kg1 Qf3 45. Ne3 Kh7 0-1

[Event "grenke Chess Open 2025"]
[Site "Karlsruhe GER"]
[Date "2025.04.18"]
[Round "2.3"]
[White "Saric, Ivan"]
[Black "Hauchamps, Maxime"]
[Result "1-0"]
[WhiteTitle "GM"]
[BlackTitle "FM"]
[WhiteElo "2659"]
[BlackElo "2246"]
[WhiteFideId "14508150"]
[BlackFideId "264865"]
[EventDate "2025.04.17"]

1. e4 c5 2. Nf3 d6 3. d4 cxd4 4. Nxd4 Nf6 5. Nc3 Nc6 6. Bg5 e6 7. Qd2 a6 8.
O-O-O Be7 9. Bxf6 gxf6 10. f4 Bd7 11. Be2 Nxd4 12. Qxd4 Qa5 13. Rhf1 Qc5 14. Qd2
O-O-O 15. g4 Kb8 16. h4 h6 17. Rf3 Rc8 18. Kb1 Bc6 19. a3 f5 20. gxf5 exf5 21.
Re3 fxe4 22. Nxe4 Bxe4 23. Rxe4 Bxh4 24. Rc4 Qb6 25. Rb4 Qc6 26. Qd3 Rc7 27. Bf3
Qc5 28. Qb3 Qa7 29. Rdd4 Bf2 30. Bxb7 a5 31. Ba6+ 1-0

[Event "grenke Chess Open 2025"]
[Site "Karlsruhe GER"]
[Date "2025.04.18"]
[Round "2.4"]
[White "Schmitz, Thorsten"]
[Black "Shirov, Alexei"]
[Result "0-1"]
[WhiteTitle "FM"]
[BlackTitle "GM"]
[WhiteElo "2246"]
[BlackElo "2650"]
[WhiteFideId "4650212"]
[BlackFideId "2209390"]
[EventDate "2025.04.17"]

1. e4 c5 2. Nf3 e6 3. g3 Nc6 4. Bg2 Nf6 5. Qe2 e5 6. O-O Be7 7. Nc3 O-O 8. Nd5
Nxd5 9. exd5 Nd4 10. Nxd4 exd4 11. Re1 Bf6 12. c4 b5 13. cxb5 a6 14. d6 Ra7 15.
bxa6 Rxa6 16. d3 Rxd6 17. Qc2 Qb6 18. Bf4 Re6 19. Bd5 Bb7 20. Bxb7 Qxb7 21. Qxc5
Qxb2 22. Rac1 Qxa2 23. Ra1 Qb3 24. Red1 Rfe8 25. Qc7 Qd5 26. Bd2 h5 27. h4 Be5
28. Qc4 Qf3 29. Be1 Bxg3 0-1